জারীগান / (Record no. 55677)
[ view plain ]
| 000 -LEADER | |
|---|---|
| fixed length control field | 00794nam a2200229 a 4500 |
| 001 - CONTROL NUMBER | |
| control field | 55677 |
| 003 - CONTROL NUMBER IDENTIFIER | |
| rucl marc code | BD-RjUL |
| 005 - DATE AND TIME OF LATEST TRANSACTION | |
| control field | 20211209080312.0 |
| 008 - FIXED-LENGTH DATA ELEMENTS--GENERAL INFORMATION | |
| fixed length control field | 161121s1968 bg ||||| |||| 00| 0 ben d |
| 020 ## - INTERNATIONAL STANDARD BOOK NUMBER | |
| Terms of availability | : TK 5.00 |
| 035 ## - SYSTEM CONTROL NUMBER | |
| System control number | (BD-RjUL) 55801 |
| 040 ## - CATALOGING SOURCE | |
| Original cataloging agency | BD-RjUL |
| Language of cataloging | ben |
| Transcribing agency | BD-RjUL |
| 041 ## - LANGUAGE CODE | |
| Language code of text/sound track or separate title | ben |
| 082 ## - DEWEY DECIMAL CLASSIFICATION NUMBER | |
| Edition number | 23 |
| Classification number | 781.42162 |
| Author mark and year | UDJ 1968 |
| 100 ## - MAIN ENTRY--PERSONAL NAME | |
| Personal name | উদদীন, জসীম |
| 9 (RLIN) | 165838 |
| 245 10 - TITLE STATEMENT | |
| Title | জারীগান / |
| Statement of responsibility, etc. | জসীম উদদীন |
| 260 ## - PUBLICATION, DISTRIBUTION, ETC. (IMPRINT) | |
| Place of publication, distribution, etc. | ঢাকা : |
| Name of publisher, distributor, etc. | কেন্দ্রীয় বাংলা উন্নয়ন বোর্ড, |
| Date of publication, distribution, etc. | ১৯৬৮ |
| 300 ## - PHYSICAL DESCRIPTION | |
| Pagination | [১০], ৩৩৪ পৃ. : |
| Illustrations | চিত্র ; |
| Size | ২১ সেমি . |
| 650 ## - SUBJECT ADDED ENTRY--TOPICAL TERM | |
| Topical term or geographic name as entry element | জারীগান |
| 9 (RLIN) | 165839 |
| Topical term or geographic name as entry element | Folksongs |
| 9 (RLIN) | 165840 |
| 942 ## - ADDED ENTRY ELEMENTS (KOHA) | |
| Source of classification or shelving scheme | Dewey Decimal Classification |
| Koha item type | Books |
| Lost status | Source of classification or shelving scheme | Damaged status | Not for loan | Collection code | Permanent Location | Current Location | Shelving location | Date acquired | Source of acquisition | Cost, normal purchase price | Total Checkouts | Full call number | Date last seen | Copy number | Koha item type |
|---|---|---|---|---|---|---|---|---|---|---|---|---|---|---|---|
| Dewey Decimal Classification | Non-fiction | Central Library, University of Rajshahi | Central Library, University of Rajshahi | 02/09/1968 | Nawroge kitabstan, Dhaka | 5.00 | B 781.42162 UDJ 1968 | 21/11/2016 | C-2 | Books | |||||
| Dewey Decimal Classification | Not For Loan | Non-fiction | Central Library, University of Rajshahi | Central Library, University of Rajshahi | Rare Book Section | 02/07/1968 | Nawrose kitalistan | 5.00 | B 781.42162 UDJ 1968 | 14/02/2017 | C-1 | Books |